• 首页
  • 本馆介绍
  • 公告通知
  • 最新文献
  • 馆藏检索
  • 电子资源
  • 读者导购
  • 参考咨询
  • 我的图书馆
  • 登录
  • 详细信息显示
  • 放入我的书架
  • 预约/预借图书
  • 作者相关作品
  • 分类相关作品
  • 丛书相关作品
  • 出版社相关作品

书目信息

  • 表格格式
  • 工作单格式
  • 卡片格式
题名:
金融信用与经济增长
    
 
作者: 黄波 著
分册:  
出版信息: 北京   社会科学文献出版社  2011
页数: 406页
开本: 23cm
丛书名: 金融信用理论研究丛书
单 册:
中图分类: F832.4
科图分类:
主题词: 金融机构--贷款管理--关系--经济增长--研究--中国 , 金融机构 , 贷款管理 , 经济增长--中国
电子资源:
ISBN: 978-7-5097-1907-7
000 01509oam2 2200325 450
001 519
005 20140909165053.71
010    @a978-7-5097-1907-7@dCNY49.00
100    @a20110802d2011 em y0chiy50 ea
101 0  @achi
102    @aCN@b110000
105    @ay z 000yy
106    @ar
200 1  @a金融信用与经济增长@AJin Rong Xin Yong Yu Jing Ji Zeng Chang@e基于总量数据的实证研究@EJi Yu Zong Liang Shu Ju De Shi Zheng Yan Jiu@dFinancial credit and economic growth@eempirical research with macro data@f黄波著@FHuang Bo Zhu@zeng
210    @a北京@c社会科学文献出版社@d2011
215    @a406页@d23cm
225 2  @a金融信用理论研究丛书
300    @a上海市教育委员会重点学科建设项目资助(项目编号:J51703)
330    @a本书对我国金融信用与经济增长之间的关系进行了理论研究与实证检验,主要内容包括“金融信用”的界定、我国金融信用结构与规模及其风险状况分析、金融信用系列指数的构建与规律探讨、“金融信用-产出结构-经济增长”之间的交互关系检验、基于偏态分布考察非预期货币(信贷)供给的宏观经济后果等方面。
461  0 @12001 @a金融信用理论研究丛书
510 1  @aFinancial credit and economic growth@eempirical research with macro data@zeng
517 1  @a基于总量数据的实证研究@AJi Yu Zong Liang Shu Ju De Shi Zheng Yan Jiu
606 0  @a金融机构@x贷款管理@x关系@x经济增长@x研究@y中国
606 0  @a金融机构
606 0  @a贷款管理
606 0  @a经济增长@y中国
690    @aF832.4@v5
701  0 @a黄波@AHuang Bo@f(1974~)@4著
801  0 @aCN@bTANGWEI@c20140603
905    @b0837916-18@dF832.4@e105@f3
    
    金融信用与经济增长:基于总量数据的实证研究=Financial credit and economic growth:empirical research with macro data/黄波著.-北京:社会科学文献出版社,2011
    406页;23cm.-(金融信用理论研究丛书)
    上海市教育委员会重点学科建设项目资助(项目编号:J51703)
    
    ISBN 978-7-5097-1907-7:CNY49.00
    本书对我国金融信用与经济增长之间的关系进行了理论研究与实证检验,主要内容包括“金融信用”的界定、我国金融信用结构与规模及其风险状况分析、金融信用系列指数的构建与规律探讨、“金融信用-产出结构-经济增长”之间的交互关系检验、基于偏态分布考察非预期货币(信贷)供给的宏观经济后果等方面。
●
相关链接 在E读中查询图书 在五车中查询图书 在当当中查询图书 在豆瓣中查询图书


正题名:金融信用与经济增长     索取号:F832.4/105         预约/预借

序号 登录号 条形码 馆藏地/架位号 状态 备注
1 0837916   208379164   第一样本阅览室/ [索取号:F832.4/105] 在馆    
2 0837917   208379173   第一借阅区/ [索取号:F832.4/105] 在馆    
3 0837918   208379182   密集书库-海洋学院/ [索取号:F832.4/105] 在馆    
唐山师范学院图书馆 欢迎您!
大连网信软件有限公司© 版权所有